| 000 | 00879nam a22003137a 4500 | ||
|---|---|---|---|
| 001 | 17076739 | ||
| 003 | OSt | ||
| 005 | 20140310182858.0 | ||
| 008 | 111209s2010 ph a 000 0 tgl | ||
| 010 | _a 2011308564 | ||
| 020 | _a9789715849869 | ||
| 040 |
_aDLC _cDLC |
||
| 042 | _alcode | ||
| 050 | 0 | 0 |
_aPL 6063 _b.V718 2010 |
| 082 |
_aF899.211 _b.V718t 2010 |
||
| 100 | 1 | _aVillanueva, Camilo M. | |
| 245 | 1 | 0 |
_aTamang hinala / _cVillanueva, Camilo M. JR |
| 260 |
_aQuezon City : _bC & E Pub., _cc2010. |
||
| 300 |
_axxii, 93 p. : _bill. ; _c18 cm. |
||
| 500 | _aPoems. | ||
| 521 | _aCollege Students | ||
| 526 | _c1210L-1700L | ||
| 541 | _j1 | ||
| 546 | _aIn Tagalog. | ||
| 562 | _eFor circulation. 1 copy available in the collection | ||
| 906 |
_a7 _bcbc _corigode _d4 _encip _f20 _gy-gencatlg |
||
| 942 |
_2lcc _cBK _kFIL |
||
| 999 |
_c17066 _d17066 |
||